000 01994cam a2200361 a 4500
001 2032203
003 OSt
005 20210417103653.0
008 920622m19939999nyu b 001 0 eng
010 _a 92025449
020 _a0940450429 (v. 1 : alk. paper) :
020 _a094045064X (v. 2 : alk. paper) :
040 _aDLC
_cDLC
_dDLC
043 _an-us---
050 0 0 _aJK155
_b.D33 1993
080 _a340
_bB-16
082 0 0 _a342.73/029
_a347.30229
_220
245 0 4 _aThe Debate on the Constitution : Part 1
_bFederalist and Antifederalist speeches, articles, and letters during the struggle over ratification.
260 _aNew York :
_bLibrary of America :
_bDistributed to the trade in the U.S. and Canada by Viking Press,
_cc1993-
300 _av. <1-2 > ;
_c21 cm.
365 _b35 usd
440 4 _aThe Library of America ;
_v62-<63 >
500 _a"Bernard Bailyn selected the contents and wrote the headings and notes...."--V.1, p.[v].
504 _aIncludes bibliographical references and indexes.
505 1 _apt. 1. Debates in the press and in private correspondence, September 17, 1787-January 12, 1788. Debates in the state ratifying conventions: Pennsylvania, November 20-December 15, 1787; Connecticut, January 3-9, 1788; Massachusetts, January 9-February 7, 1788 -- pt. 2. Debates in the press and in private correspondence, January 14-August 9, 1788. Debates in the state ratifying conventions: South Carolina, May 12-24, 1788; Virginia, June 2-27, 1788; New York, June 17-July 26, 1788; North Carolina, July 21-August 4, 1788
630 0 0 _aFederalist.
650 0 _aConstitutional history
_zUnited States.
651 0 _aUnited States
_xPolitics and government
_y1783-1789.
700 1 _aBailyn, Bernard.
906 _a7
_bcbc
_corignew
_d1
_eocip
_f19
_gy-gencatlg
942 _2udc
_cBK
999 _c168
_d168